| 000 | 00520nam a2200181Ia 4500 | ||
|---|---|---|---|
| 008 | 100917s9999 xx 000 0 und d | ||
| 082 | _b23338 | ||
| 100 | _aदेशपांडे ना. व्यं. | ||
| 245 | _aअशी ही माणसेच | ||
| 260 |
_bअमेय प्रकाशन _c1974 |
||
| 300 | _a214 | ||
| 365 | _b14 | ||
| 520 | _aकथा | ||
| 630 | _aअशी ही माणसेच | ||
| 650 | _aकथा | ||
| 730 | _aअशी ही माणसेच | ||
| 942 | _cBOOK | ||
| 999 |
_c628732 _d628729 |
||